[Event "III President's Cup"]
[Site "Baku AZE"]
[Date "2008.05.12"]
[Round "1"]
[White "Milov,V"]
[Black "Djavadov,R"]
[Result "1-0"]
[WhiteElo "2690"]
[BlackElo "2138"]
[EventDate "2008.05.12"]

1. d4 Nf6 2. c4 e6 3. Nc3 Bb4 4. e3 O-O 5. Bd3 d5 6. cxd5 exd5 7. Nge2 Re8
8. Bd2 c6 9. O-O Nbd7 10. f3 Nf8 11. Qc2 h5 12. a3 Ba5 13. Kh1 h4 14. h3
Ne6 15. f4 Nh5 16. Be1 Bc7 17. Rf3 Kh8 18. Bf2 g5 19. Qd2 Rg8 20. f5 Qd6
21. Bg1 Nf8 22. e4 dxe4 23. Nxe4 Qh6 24. Bc4 Qg7 25. Be3 Nh7 26. N2c3 Nf4
27. d5 Be5 28. dxc6 Bxf5 29. Nd6 Bxd6 30. Qxd6 Rad8 31. Qc5 Bc8 32. Rg1 1-0

[Event "III President's Cup"]
[Site "Baku AZE"]
[Date "2008.05.12"]
[Round "1"]
[White "Jobava,Ba"]
[Black "Ismailova,A"]
[Result "1-0"]
[WhiteElo "2658"]
[BlackElo "2129"]
[EventDate "2008.05.12"]

1. c4 e5 2. Nc3 Nc6 3. g3 g6 4. Bg2 Bg7 5. d3 d6 6. Nf3 Nf6 7. Rb1 a5 8. a3
O-O 9. O-O h6 10. b4 axb4 11. axb4 Rb8 12. b5 Ne7 13. Ne1 Be6 14. Ba3 Ne8
15. Nc2 Qd7 16. Ne3 Bh3 17. Bxh3 Qxh3 18. c5 b6 19. cxd6 cxd6 20. Ncd5 Nxd5
21. Nxd5 Qd7 22. Qc1 Nf6 23. Qc6 Qxc6 24. Ne7+ Kh7 25. bxc6 1-0

[Event "III President's Cup"]
[Site "Baku AZE"]
[Date "2008.05.12"]
[Round "1"]
[White "Fridman,D2"]
[Black "Agasiyev,Ka"]
[Result "1-0"]
[WhiteElo "2640"]
[BlackElo "2116"]
[EventDate "2008.05.12"]

1. d4 Nf6 2. c4 e6 3. Nf3 d5 4. Nc3 dxc4 5. e3 c5 6. Bxc4 a6 7. a4 Nc6 8.
O-O cxd4 9. exd4 Be7 10. Bg5 O-O 11. Re1 b6 12. d5 Nxd5 13. Bxd5 exd5 14.
Qxd5 Qxd5 15. Nxd5 Bxg5 16. Nxg5 h6 17. Rac1 hxg5 18. Rxc6 Bd7 19. Rxb6
Bxa4 20. h4 g4 21. Ne7+ Kh7 22. Re5 g6 23. h5 Bc2 24. Rc6 Bd3 25. hxg6+
fxg6 26. Nd5 Bf5 27. b4 a5 28. bxa5 Rxa5 29. Nf6+ Rxf6 30. Rc7+ Kh6 31.
Rxa5 Rd6 32. Ra2 Kg5 33. Rc3 Rd1+ 34. Kh2 Kh4 35. Ra4 Kg5 36. Kg3 Rd2 37.
Ra5 Rb2 38. Rca3 Rd2 39. f3 gxf3 40. Kxf3 Rd4 41. R3a4 Rd3+ 42. Ke2 Rg3 43.
Kf2 Rg4 44. Kf3 Rxa4 45. Rxa4 Kf6 46. Ra6+ Kg5 47. Ra5 Kf6 48. g4 Be6 49.
Kf4 Bc4 50. Rc5 Bd3 51. Rc6+ Kf7 52. Rc7+ Ke6 53. Rg7 1-0

[Event "III President's Cup"]
[Site "Baku AZE"]
[Date "2008.05.12"]
[Round "1"]
[White "Pourramezanali,A"]
[Black "Mchedlishvili,M"]
[Result "0-1"]
[WhiteElo "2110"]
[BlackElo "2635"]
[EventDate "2008.05.12"]

1. e4 c5 2. c3 d6 3. d4 Nf6 4. Bd3 Nc6 5. Nf3 Bg4 6. Be3 e6 7. Nbd2 Be7 8.
O-O O-O 9. dxc5 dxc5 10. Qc2 Qc7 11. Rfe1 Rad8 12. Bg5 h6 13. Bh4 e5 14. h3
Bc8 15. Bg3 Nh5 16. Bh2 Bg5 17. Nc4 Bf4 18. g3 Bg5 19. Nxg5 hxg5 20. Be2
Nf6 21. g4 Be6 22. Rad1 b5 23. Ne3 a6 24. Bf3 Nd7 25. Qd2 Qb7 26. Nf5 f6
27. b3 g6 28. Ne3 Kg7 29. Qd6 Bf7 30. Nd5 b4 31. cxb4 Nd4 32. Bg2 Nb5 33.
Qe7 Rfe8 34. bxc5 Rxe7 35. Nxe7 Qc7 36. a4 Nc3 0-1

[Event "III President's Cup"]
[Site "Baku AZE"]
[Date "2008.05.12"]
[Round "1"]
[White "Khudaverdieva,A"]
[Black "Guseinov,G"]
[Result "0-1"]
[WhiteElo "2104"]
[BlackElo "2625"]
[EventDate "2008.05.12"]

1. d4 Nf6 2. c4 g6 3. Nc3 Bg7 4. e4 d6 5. Be2 O-O 6. Be3 c5 7. d5 a6 8. a4
Qa5 9. Bd2 e6 10. Nf3 exd5 11. cxd5 Re8 12. O-O Qc7 13. Bd3 Bg4 14. h3 Bxf3
15. Qxf3 Nbd7 16. Rfe1 Ne5 17. Qe2 Nxd3 18. Qxd3 Nd7 19. Rac1 c4 20. Qc2
Ne5 21. Na2 Qd7 22. Re2 Nd3 23. Rb1 Rac8 24. Bc3 Bh6 25. Bd4 b5 26. axb5
axb5 27. b3 Qd8 28. bxc4 Nf4 29. Re3 Rxc4 30. Qb2 Qg5 31. Rg3 Qh5 32. Qxb5
Rec8 33. Ba1 Ne2+ 34. Kh2 Nxg3 35. fxg3 Rc2 36. Nb4 Rf2 37. Nd3 Rd2 38. Qd7
Rf8 39. Qxd6 Qe2 40. Ne1 Bg7 41. Bxg7 Kxg7 42. Qe5+ Kg8 43. Qf4 Rd4 44. d6
Rxe4 45. Qf3 Qxf3 46. Nxf3 Re6 47. Rd1 Rd8 48. d7 Re7 49. Ng5 h6 0-1

[Event "III President's Cup"]
[Site "Baku AZE"]
[Date "2008.05.12"]
[Round "1"]
[White "Gurbanov,F"]
[Black "Gelashvili,T"]
[Result "0-1"]
[WhiteElo "2099"]
[BlackElo "2622"]
[EventDate "2008.05.12"]

1. e4 Nc6 2. d4 d5 3. e5 Bf5 4. c3 e6 5. Bd3 Nge7 6. Ne2 Qd7 7. O-O f6 8.
f4 h5 9. b4 h4 10. a4 Bxd3 11. Qxd3 a5 12. b5 Nd8 13. Nd2 Nf7 14. c4 dxc4
15. Nxc4 Nd5 16. f5 exf5 17. Rxf5 O-O-O 18. Nxa5 fxe5 19. Qf3 e4 20. Qh3
Nf6 21. Nc6 Nd6 22. Nxd8 Qxf5 23. Qxf5+ Nxf5 24. Nf7 Rg8 25. Bf4 Nd5 26.
Rc1 Ba3 27. Rc4 Nxf4 28. Nxf4 Rf8 29. Ng5 Ne3 30. Rc3 Bd6 31. g3 hxg3 32.
hxg3 Bxf4 33. gxf4 Nd5 34. Rc5 Nxf4 35. Nxe4 b6 36. Rc2 Rd8 37. Kf2 Ne6 38.
Ke3 Nxd4 39. Rg2 Rd7 40. Rg6 Nb3 41. Kf4 Rd4 42. Ke5 Rxa4 43. Rxg7 Nd4 44.
Nc3 Rc4 45. Nd5 Nxb5 0-1

[Event "III President's Cup"]
[Site "Baku AZE"]
[Date "2008.05.12"]
[Round "1"]
[White "Lastin,A"]
[Black "Agasiyeva,F"]
[Result "1-0"]
[WhiteElo "2622"]
[BlackElo "2095"]
[EventDate "2008.05.12"]

1. e4 e6 2. d4 d5 3. Nd2 dxe4 4. Nxe4 Nf6 5. Nxf6+ gxf6 6. Nf3 b6 7. Bb5+
c6 8. Bd3 Qc7 9. Qe2 Bb7 10. a4 Nd7 11. a5 Bd6 12. a6 Bc8 13. O-O Nf8 14.
c4 Bd7 15. Be3 Ng6 16. g3 O-O 17. h4 Kh8 18. h5 Ne7 19. c5 bxc5 20. dxc5
Bxg3 21. fxg3 Qxg3+ 22. Qg2 Qc7 23. Bd4 Qf4 24. Qh2 Qg4+ 25. Kf2 e5 26. Rg1
Qe6 27. Rae1 Qd5 28. Qh4 Qe6 29. Nxe5 Nf5 30. Bxf5 Qxf5+ 31. Nf3 h6 32.
Bxf6+ Kh7 33. Rg7+ Kh8 34. Rxf7+ Kg8 35. Qg3+ 1-0

[Event "III President's Cup"]
[Site "Baku AZE"]
[Date "2008.05.12"]
[Round "1"]
[White "Gadjiev,S"]
[Black "Malakhatko,V"]
[Result "0-1"]
[WhiteElo "2092"]
[BlackElo "2621"]
[EventDate "2008.05.12"]

1. d4 Nf6 2. c4 e6 3. Nc3 Bb4 4. Qc2 c5 5. dxc5 Bxc5 6. Nf3 Qb6 7. e3 Qc7
8. Be2 a6 9. O-O Be7 10. b3 b6 11. Bb2 Bb7 12. Rfd1 d6 13. Rac1 Nbd7 14.
Ng5 h6 15. Nge4 O-O 16. Bf3 Rfd8 17. Nxf6+ Nxf6 18. Ne4 Ne8 19. Nc3 Rac8
20. Qd3 Qb8 21. Qe2 Rc7 22. Bxb7 Qxb7 23. Qf3 Qb8 24. Ne4 b5 25. cxb5 axb5
26. Qe2 Rdc8 27. Qd2 d5 28. Ng3 Qa8 29. Be5 Bb4 30. Rxc7 Bxd2 31. Rxc8 Qxc8
32. Rxd2 Qc1+ 33. Nf1 f6 34. Bb2 Qb1 35. Bc3 Nd6 36. Rb2 0-1

[Event "III President's Cup"]
[Site "Baku AZE"]
[Date "2008.05.12"]
[Round "1"]
[White "Kazhgaleyev,M"]
[Black "Garakhanbeyli,R"]
[Result "1-0"]
[WhiteElo "2617"]
[BlackElo "2088"]
[EventDate "2008.05.12"]

1. d4 d5 2. c4 c6 3. Nc3 Nf6 4. Nf3 e6 5. Bg5 Be7 6. e3 Nbd7 7. Rc1 O-O 8.
Bd3 h6 9. Bh4 dxc4 10. Bxc4 Nd5 11. Bg3 Nxc3 12. bxc3 Qa5 13. O-O b6 14.
Qe2 Bb7 15. e4 Rac8 16. Bd3 Rfe8 17. Nd2 b5 18. f4 a6 19. f5 Ba3 20. fxe6
Rxe6 21. Rc2 c5 22. e5 cxd4 23. Qf2 Re7 24. cxd4 Rxc2 25. Bxc2 Qc3 26. Nb1
Qb2 27. Nxa3 Qxa3 28. Bb3 Qb4 29. Bxf7+ Kh8 30. Bb3 Re8 31. e6 Nf6 32. Be5
1-0

[Event "III President's Cup"]
[Site "Baku AZE"]
[Date "2008.05.12"]
[Round "1"]
[White "Fedorov,Alex"]
[Black "Aliakbarov,A"]
[Result "1-0"]
[WhiteElo "2603"]
[BlackElo "2085"]
[EventDate "2008.05.12"]

1. e4 c5 2. d3 Nc6 3. g3 d6 4. Bg2 Nf6 5. f4 e6 6. Nh3 Be7 7. O-O O-O 8.
Be3 Rb8 9. Nc3 d5 10. Bf2 d4 11. Nb1 b5 12. Nd2 Bb7 13. g4 Nd7 14. Nf3 e5
15. Bg3 f6 16. g5 fxg5 17. Nfxg5 Bxg5 18. Nxg5 Qe7 19. Qg4 exf4 20. Bxf4
Rbe8 21. Bh3 Nde5 22. Qe6+ Qxe6 23. Bxe6+ Kh8 24. Bd5 Bc8 25. Bg3 Rxf1+ 26.
Rxf1 a6 27. Nf7+ Nxf7 28. Bxc6 Re7 29. Bd6 Ra7 30. Bd5 1-0

[Event "III President's Cup"]
[Site "Baku AZE"]
[Date "2008.05.12"]
[Round "1"]
[White "Abdullayev,A"]
[Black "Tahirov,F"]
[Result "1/2-1/2"]
[WhiteElo "2039"]
[BlackElo "2533"]
[EventDate "2008.05.12"]

1. d4 Nf6 2. c4 e6 3. Nc3 d5 4. cxd5 exd5 5. Bg5 Nbd7 6. e3 Bb4 7. Qc2 c5
8. Bd3 c4 9. Bf5 Qa5 10. Nge2 O-O 11. O-O Re8 12. a3 Bf8 13. b4 cxb3 14.
Qxb3 Ne4 15. Bxe4 dxe4 16. Qd5 Qa6 17. Qb5 Qc6 18. Rfc1 Nb6 19. d5 Qxb5 20.
Nxb5 Nxd5 21. Nf4 Re5 22. Nxd5 Rxg5 23. Ndc7 Rb8 24. Nxa7 Bd7 25. a4 Ra5
26. Nab5 Rc8 27. Rc3 Bc6 28. g3 g6 29. Ra2 Bg7 30. Rc5 Rd8 31. Kg2 Rd7 32.
Ne8 Rd5 33. Rxd5 Bxd5 34. Rd2 Bb3 35. Nxg7 Kxg7 36. Nc3 Bxa4 37. Ra2 b5 38.
Nxb5 Rxb5 39. Rxa4 f5 1/2-1/2

[Event "III President's Cup"]
[Site "Baku AZE"]
[Date "2008.05.12"]
[Round "1"]
[White "Guliyeva,S"]
[Black "Shanava,K"]
[Result "0-1"]
[WhiteElo "2020"]
[BlackElo "2519"]
[EventDate "2008.05.12"]

1. e4 c5 2. Nc3 Nc6 3. f4 e6 4. Nf3 a6 5. g3 d5 6. d3 Nf6 7. e5 Ng8 8. Bg2
h5 9. O-O Nh6 10. h3 Nf5 11. Ne2 b5 12. Kh2 Bb7 13. d4 Qb6 14. c3 a5 15. h4
b4 16. Bh3 Nh6 17. Ng5 g6 18. Be3 Ba6 19. Re1 Rb8 20. Rc1 bxc3 21. bxc3 Bc4
22. Qc2 Qb2 23. Qa4 Qb5 24. Qc2 Bd3 25. Qd2 Qc4 26. dxc5 a4 27. Nd4 a3 28.
Qd1 Rb2+ 29. Kg1 Na7 30. c6 Nf5 31. Nxf5 gxf5 32. Bxa7 Bc5+ 33. Bxc5 Qxc5+
34. Kh1 Qf2 35. Nf3 Qxg3 0-1

[Event "III President's Cup"]
[Site "Baku AZE"]
[Date "2008.05.12"]
[Round "1"]
[White "Babaev,Ra"]
[Black "Mammadov,Z"]
[Result "1-0"]
[WhiteElo "2482"]
[BlackElo "1997"]
[EventDate "2008.05.12"]

1. e4 c6 2. d4 d5 3. Nd2 dxe4 4. Nxe4 Bf5 5. Ng3 Bg6 6. h4 h6 7. Nf3 Nd7 8.
h5 Bh7 9. Bd3 Bxd3 10. Qxd3 e6 11. Bd2 Qc7 12. O-O-O Ngf6 13. Kb1 O-O-O 14.
c4 Bd6 15. Ne4 Nxe4 16. Qxe4 Nf6 17. Qe2 c5 18. Bc3 Rhe8 19. Ne5 Bf8 20.
dxc5 Bxc5 21. g4 Nh7 22. b4 Bf8 23. f4 f6 24. Ng6 Bd6 25. Rhf1 Qb6 26. c5
Bxc5 27. Qc4 Kb8 28. Qxc5 Qa6 29. b5 Qa4 30. Rxd8+ Rxd8 31. Qb4 1-0

[Event "III President's Cup"]
[Site "Baku AZE"]
[Date "2008.05.12"]
[Round "1"]
[White "Fataliyeva,U"]
[Black "Guliev,Sarh"]
[Result "1/2-1/2"]
[WhiteElo "2003"]
[BlackElo "2487"]
[EventDate "2008.05.12"]

1. e4 e5 2. Nf3 Nc6 3. Bc4 Nf6 4. d3 h6 5. h3 Bc5 6. c3 Bb6 7. Nbd2 d6 8.
Bb3 a6 9. O-O O-O 10. Re1 Be6 11. Bc2 Re8 12. Nf1 d5 13. Qe2 Qd6 14. Ng3
dxe4 15. dxe4 Nd7 16. Nh4 Ne7 17. Qf3 Qc6 18. Nh5 Ng6 19. Qg3 Kh7 20. Nf5
Rg8 21. h4 Bc5 22. Nhxg7 Bf8 23. Bxh6 Nf4 24. Bxf4 exf4 25. Qg5 Bxf5 26.
exf5 Qf6 27. Nh5 Qxg5 28. hxg5 Rxg5 29. Nxf4 Nf6 30. Rad1 Bd6 31. Nd5 Kg7
32. Ne3 Rh8 33. Nc4 Rh2 34. Ne3 Bf4 35. g3 Bxe3 36. Rxe3 Rgh5 37. Kf1 Ng4
38. Rf3 Kf6 39. Be4 Rh8 40. Rf4 Kg5 41. Bg2 Nf6 42. b3 1/2-1/2

[Event "III President's Cup"]
[Site "Baku AZE"]
[Date "2008.05.13"]
[Round "2"]
[White "Mamedjarova,Z"]
[Black "Fridman,D2"]
[Result "0-1"]
[WhiteElo "2322"]
[BlackElo "2640"]
[EventDate "2008.05.12"]

1. d4 Nf6 2. Nf3 c5 3. e3 e6 4. Be2 b6 5. O-O Bb7 6. b3 Be7 7. Bb2 O-O 8.
c4 cxd4 9. Nxd4 a6 10. Nc3 Nc6 11. Bf3 Qc7 12. Ne4 Ne8 13. Nxc6 Bxc6 14.
Ng3 f5 15. Bxc6 Qxc6 16. Qd3 Bf6 17. Bxf6 Nxf6 18. Rfd1 Rfc8 19. a4 Rab8
20. h3 Rb7 21. Qd4 Qc5 22. Rd3 Qxd4 23. Rxd4 Kf8 24. Kf1 g6 25. Rad1 Ke7
26. Ke1 Rc6 27. Ne2 Ne4 28. R4d3 Nc5 29. Rc3 Rc8 30. Nf4 g5 31. Nd3 Ne4 32.
Rc2 h5 33. f3 Nf6 34. Nb4 a5 35. Nd3 h4 36. Kf2 d5 37. Nb2 b5 38. axb5 Rxb5
39. Rd3 Rb4 40. c5 e5 41. Na4 f4 42. exf4 gxf4 43. Re2 Ke6 44. Rc3 Rc6 45.
Rb2 e4 46. Rcc2 e3+ 47. Ke1 d4 48. Nb6 d3 49. Rc4 Rxc4 50. Nxc4 Rxc5 51.
Ra2 Nd5 0-1

[Event "III President's Cup"]
[Site "Baku AZE"]
[Date "2008.05.13"]
[Round "2"]
[White "Malakhatko,V"]
[Black "Zeynalov,F"]
[Result "1-0"]
[WhiteElo "2621"]
[BlackElo "2304"]
[EventDate "2008.05.12"]

1. c4 e5 2. Nc3 Nf6 3. Nf3 Nc6 4. a3 e4 5. Ng5 Qe7 6. d3 exd3 7. Qxd3 Ne5
8. Qc2 d6 9. e4 h6 10. Nf3 Nxf3+ 11. gxf3 c6 12. Bg2 Be6 13. Ne2 Qc7 14. f4
O-O-O 15. f5 Bd7 16. Bf4 g6 17. fxg6 fxg6 18. h4 Ng4 19. c5 Ne5 20. O-O-O
Bg4 21. f3 Be6 22. Kb1 Qf7 23. cxd6 Bg7 24. Bxe5 Bxe5 25. Qc5 Qf6 26. f4
Bxd6 27. Qxa7 Bxf4 28. Rdf1 g5 29. Nxf4 gxf4 30. Bh3 Bxh3 31. Rxh3 Rhf8 32.
Rb3 Kd7 33. Rxb7+ Ke8 34. Qc5 Rd2 35. Qh5+ Kd8 36. Qa5+ 1-0

[Event "III President's Cup"]
[Site "Baku AZE"]
[Date "2008.05.13"]
[Round "2"]
[White "Mamedov,Rau"]
[Black "Mamedjarova,T"]
[Result "1-0"]
[WhiteElo "2617"]
[BlackElo "2271"]
[EventDate "2008.05.12"]

1. e4 e5 2. Nf3 Nc6 3. Bb5 a6 4. Ba4 Nf6 5. Qe2 b5 6. Bb3 Bc5 7. O-O O-O 8.
c3 d6 9. Rd1 Bg4 10. h3 Bxf3 11. Qxf3 a5 12. a3 Rb8 13. d3 h6 14. Nd2 b4
15. Ba4 Ne7 16. Nc4 Nh7 17. Nxa5 f5 18. d4 exd4 19. cxd4 Ba7 20. e5 Kh8 21.
Bf4 bxa3 22. Qxa3 d5 23. Nc6 Nxc6 24. Bxc6 Bb6 25. e6 Qf6 26. Qe3 Rfe8 27.
Bxe8 Rxe8 28. Be5 Qxe6 29. Ra8 Nf6 30. Rxe8+ Nxe8 31. b4 Kh7 32. Rc1 Qe7
33. Rc6 Qxb4 34. Re6 Qf8 35. Qg3 g5 36. Qf3 1-0

[Event "III President's Cup"]
[Site "Baku AZE"]
[Date "2008.05.13"]
[Round "2"]
[White "Badalov,S"]
[Black "Fedorov,Alex"]
[Result "0-1"]
[WhiteElo "2247"]
[BlackElo "2603"]
[EventDate "2008.05.12"]

1. e4 c5 2. Nf3 Nc6 3. d4 cxd4 4. Nxd4 e5 5. Nb5 d6 6. N1c3 a6 7. Na3 Be7
8. Nc4 b5 9. Ne3 Nf6 10. a4 b4 11. Ncd5 Nxe4 12. Bc4 Nf6 13. O-O O-O 14. a5
Be6 15. Nxf6+ Bxf6 16. Nd5 Bg5 17. f4 exf4 18. Bxf4 Bxf4 19. Rxf4 Qg5 20.
h4 Qe5 21. Qd2 Qxb2 22. Raf1 Rab8 23. Bb3 Kh8 24. h5 Nxa5 25. h6 Nxb3 26.
hxg7+ Kxg7 27. Qe3 Bxd5 28. Rh4 Qxc2 29. Qh6+ Kg8 30. Rg4+ Qg6 31. Rg5 Be4
32. Rf4 Nc5 33. Rh4 Qxg5 34. Qxg5+ Bg6 0-1

[Event "III President's Cup"]
[Site "Baku AZE"]
[Date "2008.05.13"]
[Round "2"]
[White "Akhmedov,F"]
[Black "Aleksandrov,A"]
[Result "0-1"]
[WhiteElo "2235"]
[BlackElo "2582"]
[EventDate "2008.05.12"]

1. d4 Nf6 2. c4 e6 3. Nf3 d5 4. g3 dxc4 5. Qa4+ Nbd7 6. Qxc4 a6 7. Bg2 b5
8. Qc6 Rb8 9. O-O Bb7 10. Qc2 c5 11. a4 Qb6 12. axb5 axb5 13. dxc5 Bxc5 14.
Nc3 O-O 15. Ne1 Bxg2 16. Kxg2 Rfc8 17. Qb3 Bd4 18. Nf3 Bxc3 19. bxc3 Nc5
20. Qa3 Nd5 21. Nd2 Qc6 22. Nf3 Ra8 23. Qb2 Na4 24. Qb3 Qxc3 25. Rb1 b4 26.
e4 Qxb3 27. Rxb3 Nc5 0-1

[Event "III President's Cup"]
[Site "Baku AZE"]
[Date "2008.05.13"]
[Round "2"]
[White "Shanava,K"]
[Black "Vaghar,M"]
[Result "1-0"]
[WhiteElo "2519"]
[BlackElo "2225"]
[EventDate "2008.05.12"]

1. e4 c6 2. d4 d5 3. exd5 cxd5 4. c4 Nf6 5. Nc3 e6 6. Nf3 dxc4 7. Bxc4 Be7
8. O-O O-O 9. Bg5 Nc6 10. a3 b6 11. Qd3 Bb7 12. Rad1 h6 13. Bc1 Bd6 14.
Rfe1 Ne7 15. Ba2 Ned5 16. Ne5 Rc8 17. Bb1 Re8 18. Qg3 Kf8 19. Qh3 Nxc3 20.
bxc3 Qc7 21. c4 Nd7 22. Bxh6 Nxe5 23. dxe5 Bxe5 24. Bg5 Bf6 25. Qh8+ Ke7
26. Qxg7 Bxg5 27. Qxg5+ Kf8 28. Qh6+ Ke7 29. Rxe6+ 1-0

[Event "III President's Cup"]
[Site "Baku AZE"]
[Date "2008.05.13"]
[Round "2"]
[White "Isgandarova,K"]
[Black "Sulashvili,M"]
[Result "1/2-1/2"]
[WhiteElo "2193"]
[BlackElo "2491"]
[EventDate "2008.05.12"]

1. e4 c6 2. d4 d5 3. Nc3 dxe4 4. Nxe4 Bf5 5. Ng3 Bg6 6. Nf3 Nd7 7. h4 h6 8.
h5 Bh7 9. Bd3 Bxd3 10. Qxd3 e6 11. Bf4 Qa5+ 12. Bd2 Qc7 13. O-O-O Bd6 14.
Ne4 Bf4 15. Bxf4 Qxf4+ 16. Kb1 Ngf6 17. Rh4 Qc7 18. Ne5 Nxe4 19. Qxe4 Nf6
20. Qe2 O-O-O 21. Rh3 Nd5 22. Rf3 f6 23. Ng6 Rhe8 24. c4 Nb6 25. Re3 e5 26.
f4 Qf7 27. b3 exf4 28. Qg4+ Qd7 29. Qxd7+ Nxd7 30. Rxe8 Rxe8 31. Nxf4 Re4
32. g3 f5 33. d5 Nf6 34. dxc6 bxc6 35. Rd6 Kb7 36. Ne6 Re1+ 37. Kc2 Nxh5
38. Rd7+ Kc8 39. Rd8+ Kb7 40. Rd7+ Kc8 41. Rd8+ 1/2-1/2

[Event "III President's Cup"]
[Site "Baku AZE"]
[Date "2008.05.13"]
[Round "2"]
[White "Magalashvili,Da"]
[Black "Soozankar,A"]
[Result "1-0"]
[WhiteElo "2462"]
[BlackElo "2221"]
[EventDate "2008.05.12"]

1. Nf3 c5 2. c4 Nc6 3. g3 e5 4. Nc3 g6 5. Bg2 Bg7 6. O-O Nge7 7. Ne1 O-O 8.
Nc2 d6 9. Rb1 a5 10. a3 Be6 11. Ne3 Rb8 12. d3 f6 13. Ned5 Bf7 14. Bd2 b6
15. b4 axb4 16. axb4 Nxd5 17. Nxd5 Ne7 18. Nc3 d5 19. bxc5 dxc4 20. c6 cxd3
21. Nb5 Nd5 22. exd3 Be8 23. Rc1 Rc8 24. Qb3 Bf7 25. Qa3 Nc7 26. Nd6 Ra8
27. Nxf7 Rxa3 28. Nxd8 Rxd3 29. Be3 Rfxd8 30. Bxb6 Rc8 31. Rfd1 Rxd1+ 32.
Rxd1 f5 33. Rd7 Nb5 34. Bd5+ 1-0

[Event "III President's Cup"]
[Site "Baku AZE"]
[Date "2008.05.13"]
[Round "2"]
[White "Mammadova,G"]
[Black "Sanikidze,T"]
[Result "0-1"]
[WhiteElo "2188"]
[BlackElo "2458"]
[EventDate "2008.05.12"]

1. e4 e5 2. Nf3 Nc6 3. Bc4 Nf6 4. d4 exd4 5. e5 d5 6. Bb5 Ne4 7. O-O Bg4 8.
Qxd4 Bc5 9. Qd3 O-O 10. Bxc6 bxc6 11. Nd4 f6 12. b4 Bxd4 13. Qxd4 fxe5 14.
Qxe5 Rf5 15. Qd4 Qh4 16. Bb2 Rg5 17. f4 Rg6 18. Nd2 Bh3 19. Nxe4 Rxg2+ 20.
Kh1 dxe4 21. Rad1 Re8 22. Rd2 Qg4 23. Qc4+ Kf8 24. Qc5+ Re7 25. Rd8+ Kf7
26. Qc4+ Kg6 27. Qxc6+ Re6 28. Qxe6+ Qxe6 0-1

[Event "III President's Cup"]
[Site "Baku AZE"]
[Date "2008.05.13"]
[Round "2"]
[White "Guliev,L"]
[Black "Atanejhad,S"]
[Result "1-0"]
[WhiteElo "2434"]
[BlackElo "2154"]
[EventDate "2008.05.12"]

1. e4 Nf6 2. e5 Nd5 3. d4 d6 4. Nf3 dxe5 5. Nxe5 c6 6. Bc4 Nd7 7. Nf3 g6 8.
O-O Bg7 9. h3 O-O 10. Re1 N7f6 11. Bb3 Bf5 12. c3 Qc7 13. Ne5 Rad8 14. Nd2
c5 15. Ndf3 b5 16. a3 c4 17. Bc2 Bxc2 18. Qxc2 Nd7 19. Bd2 Nxe5 20. Nxe5 f6
21. Nf3 e5 22. dxe5 fxe5 23. Rad1 Nf4 24. Bxf4 exf4 25. Qe4 Qc5 26. Rxd8
Rxd8 27. Qxf4 a5 28. Qe4 Rf8 29. Rd1 b4 30. axb4 axb4 31. cxb4 Qxb4 32.
Qe6+ Kh8 33. Ne5 Bxe5 34. Qxe5+ Kg8 35. Rd7 Rf7 36. Qe6 1-0

[Event "III President's Cup"]
[Site "Baku AZE"]
[Date "2008.05.13"]
[Round "2"]
[White "Savchenko,S"]
[Black "Abdullayev,A"]
[Result "1/2-1/2"]
[WhiteElo "2560"]
[BlackElo "2039"]
[EventDate "2008.05.12"]

1. d4 Nf6 2. c4 e6 3. Nc3 c5 4. d5 exd5 5. cxd5 d6 6. e4 g6 7. h3 Bg7 8.
Nf3 O-O 9. Bd3 Nh5 10. O-O Nd7 11. Bg5 Bf6 12. Be3 a6 13. a4 Re8 14. Qd2
Ne5 15. Be2 Nxf3+ 16. Bxf3 Ng7 17. Bf4 b6 18. Rab1 Be5 19. Rfe1 Qe7 20. Be2
Bd7 21. Rbd1 b5 22. axb5 axb5 23. Bxe5 Qxe5 24. f4 Qf6 25. e5 dxe5 26. fxe5
Rxe5 27. Bxb5 Bxb5 28. Rxe5 1/2-1/2

[Event "3-rd Presiden Cup,Baku"]
[Site "Azerbaijan"]
[Date "2008.05.14"]
[Round "3.8"]
[White "Sanikidze, Tornike"]
[Black "Guseinov, Gadir"]
[Result "0-1"]
[WhiteElo "2458"]
[BlackElo "2625"]
[PlyCount "128"]
[EventDate "2008.05.15"]

1. d4 Nf6 2. c4 g6 3. Nc3 Bg7 4. e4 d6 5. Nf3 Bg4 6. Be2 Nfd7 7. Be3 O-O 8. d5
Na6 9. Nd4 Bxe2 10. Qxe2 Nac5 11. b4 Na6 12. a3 Nab8 13. O-O c5 14. dxc6 Nxc6
15. Nxc6 bxc6 16. Rac1 Qc7 17. Na4 Qb7 18. c5 a5 19. Nb6 Nxb6 20. cxb6 axb4 21.
axb4 Rfc8 22. Rfd1 d5 23. Bc5 e6 24. e5 Ra6 25. Ra1 Rxb6 26. Bxb6 Qxb6 27. Rdb1
h5 28. h3 Qd4 29. Qa6 Rc7 30. Qa8+ Kh7 31. Ra6 Bxe5 32. Rxc6 Ra7 33. Qe8 Qf4
34. g3 Qf5 35. Rf1 h4 36. Qd8 hxg3 37. Qh4+ Kg7 38. Rc8 gxf2+ 39. Rxf2 Ra1+ 40.
Kg2 Qe4+ 41. Qxe4 dxe4 42. Re2 f5 43. Rc6 Kf6 44. b5 Rb1 45. b6 Bd4 46. Rd2
Rxb6 47. Rxb6 Bxb6 48. Rb2 Bd4 49. Rb5 f4 50. Rb4 e5 51. Rb8 Bc3 52. Rc8 Bd2
53. Re8 Be1 54. Kf1 Bc3 55. Rc8 Bd4 56. Kg2 Kg5 57. Re8 Kf5 58. Rf8+ Ke6 59.
Rb8 Kd5 60. Rg8 e3 61. Kf3 e4+ 62. Kxf4 e2 63. Rd8+ Kc4 64. Rc8+ Kd3 0-1

[Event "3-rd Presiden Cup,Baku"]
[Site "Azerbaijan"]
[Date "2008.05.14"]
[Round "3.10"]
[White "Esen, Baris"]
[Black "Gelashvili, Tamaz"]
[Result "0-1"]
[WhiteElo "2451"]
[BlackElo "2622"]
[PlyCount "98"]
[EventDate "2008.05.15"]

1. d4 Nf6 2. c4 e6 3. Nf3 d5 4. Nc3 Bb4 5. cxd5 exd5 6. Bg5 O-O 7. e3 c5 8.
dxc5 Bxc3+ 9. bxc3 Be6 10. Rc1 Nbd7 11. c4 Qa5+ 12. Qd2 Qa3 13. Bxf6 Nxf6 14.
cxd5 Bxd5 15. Bc4 Ne4 16. Qc2 Bxc4 17. Qxc4 Rac8 18. Rc2 Rfe8 19. O-O Rxc5 20.
Qe2 Rec8 21. Rb2 b5 22. Nd4 b4 23. g3 g6 24. Rb3 Qa4 25. Qb2 a5 26. a3 Rc3 27.
axb4 Rxb3 28. Qxb3 Qxb3 29. Nxb3 axb4 30. Nd4 Rb8 31. Rb1 Rb6 32. Rb2 Kf8 33.
Kf1 Nc5 34. Nb3 Nxb3 35. Rxb3 Ke7 36. Ke2 Kd6 37. Kd2 Kc5 38. Kc1 Kc4 39. Rb2
b3 40. Rd2 Ra6 41. Kb1 Ra2 42. Rxa2 bxa2+ 43. Kxa2 Kd3 44. Kb3 Ke2 45. Kc4 Kxf2
46. Kd4 Kg2 47. Ke5 Kxh2 48. g4 Kg3 49. g5 Kf3 0-1

[Event "3-rd Presiden Cup,Baku"]
[Site "Azerbaijan"]
[Date "2008.05.14"]
[Round "3.12"]
[White "Dovliatov, Sanan"]
[Black "Malakhatko, Vadim"]
[Result "1/2-1/2"]
[WhiteElo "2438"]
[BlackElo "2621"]
[PlyCount "70"]
[EventDate "2008.05.15"]

1. e4 e6 2. d4 d5 3. Nd2 c5 4. Ngf3 cxd4 5. exd5 Qxd5 6. Bc4 Qd6 7. Qe2 Nf6 8.
Nb3 Nc6 9. Bg5 a6 10. O-O-O b5 11. Bd3 Be7 12. Kb1 Bb7 13. Nbxd4 Nxd4 14. Nxd4
Bd5 15. Rhe1 Bxa2+ 16. Kxa2 Qxd4 17. Kb1 Qc5 18. f4 h6 19. Bh4 Qh5 20. Bxf6
Qxe2 21. Rxe2 Bxf6 22. f5 e5 23. Be4 Rd8 24. Red2 Rd4 25. Bb7 Kd7 26. c3 Rxd2
27. Rxd2+ Kc7 28. Bxa6 Rb8 29. c4 bxc4 30. Bxc4 e4 31. Bxf7 e3 32. Re2 Bd4 33.
Kc2 Kd6 34. Kd3 Ke5 35. Rc2 Rxb2 1/2-1/2

[Event "3-rd Presiden Cup,Baku"]
[Site "Azerbaijan"]
[Date "2008.05.14"]
[Round "3.14"]
[White "Morchiashvili, Bachana"]
[Black "Mamedov, Rauf"]
[Result "1/2-1/2"]
[WhiteElo "2421"]
[BlackElo "2617"]
[PlyCount "82"]
[EventDate "2008.05.15"]

1. Nf3 g6 2. c4 Bg7 3. Nc3 c5 4. g3 Nf6 5. Bg2 O-O 6. d3 d5 7. cxd5 Nxd5 8. Bd2
Nb6 9. b3 Nc6 10. O-O Nb4 11. Rc1 Nd7 12. a3 Na6 13. Rc2 Nc7 14. Qc1 Re8 15.
Bh6 Bh8 16. Ng5 Nf6 17. h3 Ne6 18. Nxe6 Bxe6 19. g4 Qd7 20. Ne4 Nxe4 21. Bxe4
Rac8 22. Rxc5 Bxb3 23. Rxc8 Rxc8 24. Qb1 Bd5 25. Bxd5 Qxd5 26. Rc1 Qd7 27.
Rxc8+ Qxc8 28. Qb5 a6 29. Qb6 Bg7 30. Bxg7 Kxg7 31. Kg2 Qd7 32. f3 Qd5 33. a4
h5 34. gxh5 gxh5 35. h4 e5 36. a5 Qd7 37. Qc5 Qe6 38. d4 exd4 39. Qxd4+ f6 40.
Kf2 Qc6 41. Qb4 Qc7 1/2-1/2